Rob Zombie Movies - Statistics

General Stats
  • This quiz has been taken 21 times
  • The average score is 6 of 9
Answer Stats
Release Year Cast Film % Correct
2007 Malcolm McDowell, Sheri Moon Zombie, Brad Dourif, Tyler Mane, Danielle Harris, Sid Haig Halloween
95%
2003 Sid Haig, Bill Moseley, Sheri Moon Zombie, Karen Black, Rainn Wilson, Walton Goggins House of 1000 Corpses
86%
2005 Sid Haig, Bill Moseley, Sheri Moon Zombie, Ken Foree, Lew Temple, Michael Berryman The Devil's Rejects
86%
2019 Sheri Moon Zombie, Bill Moseley, Richard Brake, Dee Wallace, Danny Trejo, Sid Haig 3 From Hell
67%
2012 Sheri Moon Zombie, Patricia Quinn, Ken Foree, Bruce Davison, Dee Wallace The Lords of Salem
67%
2009 Malcolm McDowell, Tyler Mane, Sheri Moon Zombie, Brad Dourif, Danielle Harris, Weird Al Yankovic Halloween II
62%
2016 Sheri Moon Zombie, Jeff Daniel Philips, Meg Foster, Richard Brake, Judy Geeson, Malcolm McDowell 31
52%
2022 Sheri Moon Zombie, Jeff Daniel Philips, Richard Brake, Jorge Garcia, Sylvester McCoy, Cassandra Peterson The Munsters
52%
2009 Tom Papa, Sheri Moon Zombie, Paul Giamatti, Rosario Dawson, Tom Kenny, Lew Temple The Haunted World of El Superbeasto
33%
No matching quizzes found
Score Distribution
Percent of People with Each Score
Percentile by Number Answered
Your Score History
You have not taken this quiz